| 000 | 00441nam a2200181Ia 4500 | ||
|---|---|---|---|
| 003 | OSt | ||
| 005 | 20250818124929.0 | ||
| 008 | 250729s2005 xx 000 0 und d | ||
| 040 | _cAL | ||
| 041 | _aeng | ||
| 082 | _a370 RAOH | ||
| 100 |
_aSiddiui Mujibul Hasan _9221422 |
||
| 245 | _aTechniues of teaching Vol - I | ||
| 260 |
_aNew Delhi _bA P H Publishing _c2005 |
||
| 300 | _a270p | ||
| 650 |
_aEducation _9221423 |
||
| 942 |
_2ddc _cBED |
||
| 999 |
_c235003 _d235003 |
||